Pomník S. Tomášika v Chyžnom

Zobrazenie: V bielom orámovaní pohľad na pomník Sama Tomášika v Chyžnom

Bibliographic Details
Format: Postcard
Language:Slovak
PhysicalDescription:1 pohľadnica čiernobiela 9 x 14 cm
Published: Veľká Revúca Výroba pohľadníc [medzi 1905 a 1920?]
Subjects:

MARC

LEADER 00000nkm a2200000 a 4500
001 vtls012016965
003 SK-MaSNL
005 20260512130117.0
007 kp bo
008 230706q1905 xo g kuslo
015 |a SNBG 
035 |a urn:nbn:sk:snk-km00faxh 
035 |a urn:nbn:sk:snk-km45sp4 
035 |a 3A63A915-74E1-4231-A001-0B2B0ED0CDF5 
040 |a SNK  |b slo  |c SNK  |e AACR2 
041 0 |a slo 
043 |a e-xo--- 
044 |a xo  |c SK 
072 7 |a 913  |x Regionálna geografia  |2 konspekt 
080 |a 913(437.6)  |2 2011 
080 |a (084.121)  |2 2011 
080 |a 725.945  |2 2011 
245 0 0 |a Pomník S. Tomášika v Chyžnom  |h grafika 
260 |a Veľká Revúca  |b Výroba pohľadníc  |c [medzi 1905 a 1920?] 
300 |a 1 pohľadnica  |b čiernobiela  |c 9 x 14 cm 
500 |a Názvové údaje prevzaté z obrazovej strany pohľadnice 
520 8 |a Zobrazenie: V bielom orámovaní pohľad na pomník Sama Tomášika v Chyžnom 
600 1 7 |a Tomášik, Samo,  |d 1813-1887  |2 SNKMA  |9 256391 
650 0 7 |a pomníky  |2 SNKPH  |9 3013 
651 7 |a Chyžné (Slovensko)  |2 SNKPHgeo  |9 58489 
655 7 |a miestne pohľadnice  |2 SNKPH  |9 70510 
852 |a Slovenská národná knižnica 
958 |a GBN 
958 |a GC 
958 |a ONDV 
999 |c 1126635  |d 1128565 
952 |a SNK  |b SNK  |y PREZ  |7 0  |p 17A1381078  |o snkSP 126064  |0 0  |1 0  |4 0  |d 2021-03-06  |f 1  |l 0  |r 2026-02-24 18:48:55  |w 2026-02-24